000 00538nam a2200193Ia 4500
005 20250508162124.0
008 008 250505s9999 xx 000 0 eng d
037 _aTextual
040 _aFEDL
_beng
_cFEDL
041 _aeng
_2eng
084 _a153.35, SHA
_qFEDL
100 _aSharma K. N.
_987072
245 0 _aDynamics of creativity
260 _aAgra, India
_bNational Psychological Corporation
_c1979
300 _axiv,168p.
650 _aPersonality
942 _cTEXL
_h153.35, SHA
999 _c1374508
_d1374508